Clave para las familias de Pteriodófitos de las islas de Gorgona y Gorgonilla (Registro nro. 14232)

Detalles MARC
000 -CABECERA
Campo de control 003990000a22001090004500
090 ## - CLASIFICACIÓN LOCAL
Colección AS
Consecutivo Seriadas
041 0# - IDIOMA
Código de idioma para texto/pista de sonido o título separado
100 1# - ASIENTO PRINCIPAL--NOMBRE PERSONAL
Nombre personal Murillo Pulido, María Teresa
245 10 - MENCION DE TITULO
Título Clave para las familias de Pteriodófitos de las islas de Gorgona y Gorgonilla
773 1# - Item fuente:
Título Revista de la Academia Colombiana de Ciencias Exactas, Fisicas y Naturales
Especificación de materiales 32
Descripción física 66
Paginas del Articulo 441-444
Lugar, editorial y fecha de publicación 1990
Información sobre la relación 17
942 ## - ELEMENTOS ADICIONALES (KOHA)
Tipo de ítem Artículo

No hay ítems disponibles.